000 00337nam a22001337a 4500
008 170807b xxu||||| |||| 00| 0 eng d
020 _a9780070496354
041 _aeng
080 _a004
100 _a33
101 _aSHK
245 _aCORTEZ PETERS CHAMPIONSHIP KEYBOARDING, SKIILLBUILDING & APPLICATIONS
_cPETERS,C
942 _2udc
_cBK
999 _c22794
_d22794